000 00786cam a2200241 a 4500
999 _c5066
_d5066
001 1123977
003 GBCCL
005 20241126110532.0
008 940323s1994 mou 000 0 eng
010 _a 94013495
020 _a0570046556
040 _aDLC
_cDLC
_dDLC
050 0 0 _aBV4811
_b.N64 1994
082 0 0 _a242.2
_220
_bNOR
100 1 _aNorden, Rudolph F.
_97452
245 1 0 _aEach day with Jesus :
_bdaily devotions through the year /
_cRudolph F. Norden.
260 _aSt. Louis :
_bCPH,
_cc1994.
300 _a362 p. ;
_c23 cm.
650 0 _aDevotional calendars
_xLutheran Church.
_97467
906 _a7
_bcbc
_corignew
_d1
_eocip
_f19
_gy-gencatlg
942 _2ddc
_cBK
_01